| 000 | 00857nam a2200265Ia 4500 | ||
|---|---|---|---|
| 003 | GCL | ||
| 008 | 140319s9999 xx 000 0 ara d | ||
| 040 |
_aGCL / _cGCL |
||
| 082 | 0 | 4 |
_a915 _bل ا |
| 100 | 1 | _aلورتيت | |
| 245 | 1 | 0 |
_aارض الذكريات : _b300 لوحة رائعة من القرن الماضي ( سوريا ـ لبنان ـ فلسطين ـ الاردن ) / _cلورتيت |
| 700 | 1 | _aحميد شلق | |
| 260 |
_aبيروت : _bشركة المطبوعات للتوزيع والنشر ، _c1993 |
||
| 300 |
_aمتعدد ؛ _c30 سم |
||
| 490 | _a | ||
| 650 | 0 | 4 | _aسوريا |
| 650 | 0 | 4 | _aفلسطين |
| 650 | 0 | 4 | _aلبنان |
| 650 | 0 | 4 | _aالرحلات |
| 650 | 0 | 4 | _aالجغرافيا التاريخية |
| 650 | 0 | 4 | _aالاردن |
| 650 | 0 | 4 | _aالسباحة |
| 650 | 0 | 4 | _aوصف ورحلات |
| 942 |
_2ddc _cBK |
||
| 999 |
_c35671 _d35671 |
||